000 00246nam a2200097Ia 4500
001 650217
005 20250826154355.0
008 250824s9999 xx 000 0 und d
245 0 _aMARTI ANTİK
_cANTON ÇEHOV
260 _bANTİK DÜNYA KLASİKLERİ
999 _c650217
_d650217